{"text_format":"3","workbook":"xlsx","n_sheets":2,"sheets":["Payment Reconciliation","Balance sheet"],"read":"whole","date_system":"1900"}

{"sheet":"Payment Reconciliation","index":0,"n_rows":28,"n_cols":22,"rows_kept":28}
["Subcontractor:","Aiva Engineering Pvt. Ltd."]
["State:","Uttar Pradesh",null,"Aiva Engineering Pvt. Ltd.",{"$nulls":3},"FHTC & Hose Connection Material supplier"]
["District:","Shamli"]
["Block:","Shamli",{"$nulls":11},"2024-07-23"]
["PMC_No","Invoice_Details","Invoice_Date","Invoice_No","Basic_Amount","Debit_Amount","After_Debit_Amount","GST_Amount","Amount","TDS_Amount","SD_Amount","GST_SD_Amount","Final_Amount","GRN No.","PAYMENT NOTE No.","Payment_Amount","TDS_Payment_Amount","SD (5%)","1st month TDS 10%","Total_Amount","UTR"]
[{"$nulls":7},{"v":0.18,"d":"18%"},null,{"v":1E-3,"d":"0.10%"},{"v":0.05,"d":"5%"},{"$nulls":5},{"v":0.1,"d":"10%"},{"v":0.05,"d":"5%"}]
[{"$nulls":13},{"$f":"A8","v":52615}]
[52615,"common village FHTC Material supply work","2022-12-08","AEPL222320657",{"v":1456600,"d":"1,456,600.00"},0,{"$f":"E8-F8","v":{"v":1456600,"d":"1,456,600.00"}},{"$f":"ROUND(G8*$H$6,)","v":{"v":262188,"d":"262,188.00"}},{"$f":"G8+H8","v":{"v":1718788,"d":"1,718,788.00"}},0,0,0,{"$f":"I8-SUM(J8:L8)","v":{"v":1718788,"d":"1,718,788.00"}},1028,"RIUP22/1847",{"v":214307,"d":"214,307.00"},0,0,0,{"$f":"P8-Q8","v":{"v":214307,"d":"214,307.00"}},"12-01-2023 NEFT/AXISP00354428533/RIUP22/1847/AIVA ENGINEERIN214307.00",{"$f":"SUM(M8:M24)-SUM(T8:T24)","v":{"v":-2663,"d":"-2,663.00"}}]
[52615,"common village FHTC Material supply work","2022-12-06","AEPL222320651",{"v":3748500,"d":"3,748,500.00"},0,{"$f":"E9-F9","v":{"v":3748500,"d":"3,748,500.00"}},{"v":674730,"d":"674,730.00"},{"$f":"G9+H9","v":{"v":4423230,"d":"4,423,230.00"}},{"$f":"ROUND((G8+G9-5000000)*0.1%,)","v":{"v":205,"d":"205.00"}},0,0,{"$f":"I9-SUM(J9:L9)","v":{"v":4423025,"d":"4,423,025.00"}},1027,"RIUP22/1846",{"v":6141813,"d":"6,141,813.00"},0,0,0,{"$f":"P9-Q9-R9-S9","v":{"v":6141813,"d":"6,141,813.00"}},"12-01-2023 NEFT/AXISP00354510362/RIUP22/1846/AIVA ENGINEERIN6141813.00"]
[52615,"common village FHTC Material supply work","2022-12-26","AEPL222320728",{"v":181770,"d":"181,770.00"},0,{"$f":"E10-F10","v":{"v":181770,"d":"181,770.00"}},{"$f":"ROUND(G10*$H$6,)","v":{"v":32719,"d":"32,719.00"}},{"$f":"G10+H10","v":{"v":214489,"d":"214,489.00"}},{"$f":"ROUND(G10*$J$6,)","v":{"v":182,"d":"182.00"}},0,0,{"$f":"I10-SUM(J10:L10)","v":{"v":214307,"d":"214,307.00"}},1045,"RIUP22/1918",{"v":1464861,"d":"1,464,861.00"},0,0,0,{"$f":"P10-Q10-R10-S10","v":{"v":1464861,"d":"1,464,861.00"}},"25-01-2023 NEFT/AXISP00357166384/RIUP22/1918/AIVA ENGINEERIN ₹14,64,861.00"]
[52615,"common village FHTC Material supply work","2022-12-31","AEPL222320760",{"v":1242460,"d":"1,242,460.00"},0,{"$f":"E11-F11","v":{"v":1242460,"d":"1,242,460.00"}},{"v":223643,"d":"223,643.00"},{"$f":"G11+H11","v":{"v":1466103,"d":"1,466,103.00"}},{"$f":"ROUND(G11*$J$6,)","v":{"v":1242,"d":"1,242.00"}},0,0,{"$f":"I11-SUM(J11:L11)","v":{"v":1464861,"d":"1,464,861.00"}},1048,"RIUP22/2091",{"v":1359124,"d":"1,359,124.00"},{"v":1152,"d":"1,152.00"},0,0,{"$f":"P11-Q11-R11-S11","v":{"v":1357972,"d":"1,357,972.00"}},"04-02-2023 NEFT/AXISP00360451650/RIUP22/2091/AIVA ENGINEERIN ₹13,57,972.00"]
[52615,"common village FHTC Material supply work","2023-01-19","AEPL222320799",{"v":1151800,"d":"1,151,800.00"},0,{"$f":"E12-F12","v":{"v":1151800,"d":"1,151,800.00"}},{"v":207324,"d":"207,324.00"},{"$f":"G12+H12","v":{"v":1359124,"d":"1,359,124.00"}},{"$f":"ROUND(G12*$J$6,)","v":{"v":1152,"d":"1,152.00"}},0,0,{"$f":"I12-SUM(J12:L12)","v":{"v":1357972,"d":"1,357,972.00"}},null,"RIUP22/2662",{"v":3407857,"d":"3,407,857.00"},0,0,0,{"$f":"P12-Q12-R12-S12","v":{"v":3407857,"d":"3,407,857.00"}},"29-03-2023 NEFT/AXISP00376153296/RIUP22/2662/AIVA ENGINEERIN3407857.00"]
[52615,"common village FHTC Material supply work","2023-01-07","AEPL222320777",{"v":539967,"d":"539,967.00"},0,{"v":539967,"d":"539,967.00"},{"v":97194,"d":"97,194.00"},{"v":637161,"d":"637,161.00"},{"$f":"ROUND(G13*$J$6,)","v":{"v":540,"d":"540.00"}},0,0,{"$f":"I13-SUM(J13:L13)","v":{"v":636621,"d":"636,621.00"}},null,"RIUP22/237",{"v":1654198,"d":"1,654,198.00"},0,0,0,{"$f":"P13-Q13-R13-S13","v":{"v":1654198,"d":"1,654,198.00"}},"29-05-2023 NEFT/AXISP00393029883/RIUP23/237/AIVA ENGINEERING1654198.00"]
[52615,"common village FHTC Material supply work","2023-01-09","AEPL222320780",{"v":856002,"d":"856,002.00"},0,{"$f":"E14-F14","v":{"v":856002,"d":"856,002.00"}},{"v":154080,"d":"154,080.00"},{"$f":"G14+H14","v":{"v":1010082,"d":"1,010,082.00"}},{"v":856,"d":"856.00"},0,0,{"v":1009226,"d":"1,009,226.00"},null,"RIUP22/1731",{"v":2696418,"d":"2,696,418.00"},{"$nulls":3},{"v":2696418,"d":"2,696,418.00"},"28-08-2023 NEFT/AXISP00418849250/RIUP23/1731/AIVA ENGINEERINGP/MAHB00011402696418.00"]
[52615,"common village FHTC Material supply work","2023-02-28","AEPL222320837",{"v":1122675,"d":"1,122,675.00"},0,{"v":1122675,"d":"1,122,675.00"},{"v":202082,"d":"202,082.00"},{"$f":"G15+H15","v":{"v":1324757,"d":"1,324,757.00"}},{"v":1123,"d":"1,123.00"},0,0,{"v":1323634,"d":"1,323,634.00"},null,"RIUP22/2371",{"v":429274,"d":"429,274.00"},{"$nulls":3},{"v":429274,"d":"429,274.00"},"30-09-2023 NEFT/AXISP00429227609/RIUP23/2371/AIVA ENGINEERING P/MAHB0001140429274.00"]
[52615,"common village FHTC Material supply work","2023-02-01","AEPL222320847",{"v":371819,"d":"371,819.00"},0,{"v":371819,"d":"371,819.00"},{"v":66927,"d":"66,927.00"},{"v":438746,"d":"438,746.00"},{"v":372,"d":"372.00"},0,0,{"v":438374,"d":"438,374.00"},{"$nulls":3},0]
[52615,"common village FHTC Material supply work","2023-03-06","AEPL222320847",{"v":652073,"d":"652,073.00"},0,{"v":652073,"d":"652,073.00"},{"v":117373,"d":"117,373.00"},{"v":769446,"d":"769,446.00"},{"v":652,"d":"652.00"},0,0,{"v":768794,"d":"768,794.00"}]
[52615,"common village FHTC Material supply work","2023-03-14","AEPL222320847",{"v":375330,"d":"375,330.00"},0,{"$f":"E18-F18","v":{"v":375330,"d":"375,330.00"}},{"$f":"ROUND(G18*$H$6,)","v":{"v":67559,"d":"67,559.00"}},{"$f":"G18+H18","v":{"v":442889,"d":"442,889.00"}},{"$f":"ROUND(G18*$J$6,)","v":{"v":375,"d":"375.00"}},0,0,{"$f":"I18-SUM(J18:L18)","v":{"v":442514,"d":"442,514.00"}}]
[52615,"common village FHTC Material supply work","2023-04-05","AEPL222320847",{"v":375330,"d":"375,330.00"},0,{"$f":"E19-F19","v":{"v":375330,"d":"375,330.00"}},{"$f":"ROUND(G19*$H$6,)","v":{"v":67559,"d":"67,559.00"}},{"$f":"G19+H19","v":{"v":442889,"d":"442,889.00"}},{"$f":"ROUND(G19*$J$6,)","v":{"v":375,"d":"375.00"}},0,0,{"$f":"I19-SUM(J19:L19)","v":{"v":442514,"d":"442,514.00"}}]
[52615,"common village FHTC Material supply work","2023-08-05","AEPL222320847",{"v":2084130,"d":"2,084,130.00"},0,{"$f":"E20-F20","v":{"v":2084130,"d":"2,084,130.00"}},{"$f":"ROUND(G20*$H$6,)","v":{"v":375143,"d":"375,143.00"}},{"$f":"G20+H20","v":{"v":2459273,"d":"2,459,273.00"}},{"$f":"ROUND(G20*$J$6,)","v":{"v":2084,"d":"2,084.00"}},0,0,{"$f":"I20-SUM(J20:L20)","v":{"v":2457189,"d":"2,457,189.00"}}]
[52615,"common village FHTC Material supply work","2023-08-07","AEPL222320847",{"v":200970,"d":"200,970.00"},0,{"$f":"E21-F21","v":{"v":200970,"d":"200,970.00"}},{"$f":"ROUND(G21*$H$6,)","v":{"v":36175,"d":"36,175.00"}},{"$f":"G21+H21","v":{"v":237145,"d":"237,145.00"}},{"$f":"ROUND(G21*$J$6,)","v":{"v":201,"d":"201.00"}},0,0,{"$f":"I21-SUM(J21:L21)","v":{"v":236944,"d":"236,944.00"}}]
[52615,"common village FHTC Material supply work","2023-08-29","AEPL222320847",{"v":364100,"d":"364,100.00"},0,{"$f":"E22-F22","v":{"v":364100,"d":"364,100.00"}},{"$f":"ROUND(G22*$H$6,)","v":{"v":65538,"d":"65,538.00"}},{"$f":"G22+H22","v":{"v":429638,"d":"429,638.00"}},{"$f":"ROUND(G22*$J$6,)","v":{"v":364,"d":"364.00"}},0,0,{"$f":"I22-SUM(J22:L22)","v":{"v":429274,"d":"429,274.00"}}]
[52615,{"$nulls":4},0,{"$f":"E23-F23","v":0},0,{"$f":"G23+H23","v":0},{"$f":"J$6*I23","v":0},0,0,0,{"$nulls":3},0,null,0,0]
[52615]
[52615]
[{"$nulls":9},"Total Payable Amount Rs. -",null,null,{"$f":"SUM(M8:M25)","v":{"v":17364037,"d":"17,364,037.00"}},{"$nulls":3},"Total Paid Amount Rs. -",null,null,{"$f":"SUM(T6:T25)","v":{"v":17366700,"d":"17,366,700.00"}}]
[]
[{"$nulls":16},"Balance Payable Amount Rs. -",null,null,{"$f":"M26-T26","v":{"v":-2663,"d":"-2,663.00"}}]

{"sheet":"Balance sheet","index":1,"n_rows":25,"n_cols":12,"rows_kept":25}
[]
[]
["SR. No.","Material Discription","Size","Unit","Qty.","Rate","Amount","Balance Qty.","Tax Invoice NO.","Qty. Received","Tax Invoice NO.","Qty. Received"]
[null,"P.O. No. : SHAMLI/AIVA/FHTC MATERIAL/19629/2022-23 Date : 27-09-2022"]
[null,"PP SERVICE SADDLE WITH SS304 THREADED METAL INSERTION and SS 202 Hardware","200 mm SS202 Nut Bolt","Nos.",5000,185.21,{"$f":"F5*E5","v":{"v":926050,"d":"926,050"}},{"$f":"E5-J5-L5","v":0},"AEPL222320657",{"v":5000,"d":"5,000"},"AEPL222320651",0]
[null,"PP SERVICE SADDLE WITH SS304 THREADED METAL INSERTION and SS 202 Hardware","160 mm SS202 Nut Bolt","Nos.",5000,148.11,{"v":740550.0000000001,"d":"740,550"},{"$f":"E6-J6-L6","v":0},"AEPL222320657",0,"AEPL222320651",{"v":5000,"d":"5,000"}]
[null,"PP SERVICE SADDLE WITH SS304 THREADED METAL INSERTION and SS 202 Hardware","110 mm SS202 Nut Bolt","Nos.",5000,106.11,{"v":530550,"d":"530,550"},0,"AEPL222320657",{"v":5000,"d":"5,000"},"AEPL222320651",0]
[null,"Flow Control Valve (5 LPM)","1/2\"","Nos.",15000,125.11,{"v":1876650,"d":"1,876,650"},0,"AEPL222320657",0,"AEPL222320651",{"v":15000,"d":"15,000"}]
[null,"MDPE Female Threaded compression Adaptor with SS304 metal insert",null,"Nos.",15000,37.71,{"v":565650,"d":"565,650"},0,"AEPL222320657",0,"AEPL222320651",{"v":15000,"d":"15,000"}]
[null,"MDPE Single compression Female threaded Elbow with SS304 metal insert",null,"Nos.",15000,37.71,{"v":565650,"d":"565,650"},0,"AEPL222320657",0,"AEPL222320651",{"v":15000,"d":"15,000"}]
[{"$nulls":4},"Total Amount -","Rs.",{"$f":"SUM(G5:G10)","v":{"v":5205100,"d":"5,205,100"}}]
[{"$nulls":4},"GST 18%","Rs.",{"$f":"G11*18%","v":{"v":936918,"d":"936,918"}}]
[{"$nulls":4},"Total Amount including GST-","Rs.",{"$f":"SUM(G11:G12)","v":{"v":6142018,"d":"6,142,018"}}]
[]
[]
[null,"P.O. No. : SHAMLI/AIVA/MDPE (FHTC) FITTINGS/19864/2022-23 Date : 10-12-2022",{"$nulls":5},{"$f":"H3","v":"Balance Qty."}]
[null,"PP SERVICE SADDLE WITH SS304 THREADED METAL INSERTION","90 mm SS202 Nut Bolt","Nos.",5000,{"v":96.4,"d":"96.40"},{"$f":"F17*E17","v":{"v":482000,"d":"482,000"}},{"$f":"E17-J17-L17-N17","v":{"v":1000,"d":"1,000"}},"AEPL222320728",500,"AEPL222320760",{"v":3500,"d":"3,500"}]
[null,"PP SERVICE SADDLE WITH SS304 THREADED METAL INSERTION","75 mm SS202 Nut Bolt","Nos.",6737,70.69,{"$f":"F18*E18","v":{"v":476238.52999999997,"d":"476,239"}},{"$f":"E18-J18-L18-N18","v":{"v":5737,"d":"5,737"}},"AEPL222320728",300,"AEPL222320760",700]
[null,"PP SERVICE SADDLE WITH SS304 THREADED METAL INSERTION","63 mm SS202 Nut Bolt","Nos.",13475,66.99,{"$f":"F19*E19","v":{"v":902690.2499999999,"d":"902,690"}},{"$f":"E19-J19-L19-N19","v":{"v":12475,"d":"12,475"}},"AEPL222320728",200,"AEPL222320760",800]
[null,"Flow Control Valve (5 LPM)","1/2\"","Nos.",25212,125.11,{"$f":"F20*E20","v":{"v":3154273.32,"d":"3,154,273"}},{"$f":"E20-J20-L20-N20","v":{"v":21212,"d":"21,212"}},"AEPL222320728",500,"AEPL222320760",{"v":3500,"d":"3,500"}]
[null,"MDPE Female Threaded compression Adaptor with SS304 metal insert",null,"Nos.",25212,36.41,{"$f":"F21*E21","v":{"v":917968.9199999999,"d":"917,969"}},{"$f":"E21-J21-L21-N21","v":{"v":25212,"d":"25,212"}},"AEPL222320728",0,"AEPL222320760",0]
[null,"MDPE Single compression Female threaded Elbow with SS304 metal insert",null,"Nos.",25212,36.41,{"v":917968.9199999999,"d":"917,969"},{"v":14212,"d":"14,212"},"AEPL222320728",{"v":1000,"d":"1,000"},"AEPL222320760",{"v":10000,"d":"10,000"}]
[{"$nulls":4},"Total Amount -","Rs.",{"$f":"SUM(G17:G22)","v":{"v":6851139.9399999995,"d":"6,851,140"}}]
[{"$nulls":4},"GST 18%","Rs.",{"$f":"G23*18%","v":{"v":1233205.1892,"d":"1,233,205"}}]
[{"$nulls":4},"Total Amount including GST-","Rs.",{"$f":"SUM(G23:G24)","v":{"v":8084345.129199999,"d":"8,084,345"}}]